<?xml version="1.0" encoding="UTF-8"?>
<collection xmlns="http://www.loc.gov/MARC21/slim">
 <record>
  <leader>01235nam a22002297a 4500</leader>
  <controlfield tag="001">NCT_92387</controlfield>
  <controlfield tag="008">211119b        xxu||||| |||| 00| 0 vie d</controlfield>
  <datafield tag="999" ind1=" " ind2=" ">
   <subfield code="c">4567</subfield>
   <subfield code="d">4567</subfield>
  </datafield>
  <datafield tag="082" ind1="0" ind2="4">
   <subfield code="2">23rd ed.</subfield>
   <subfield code="a">003.54</subfield>
   <subfield code="b">Qu106</subfield>
  </datafield>
  <datafield tag="100" ind1="1" ind2=" ">
   <subfield code="a">Vũ Vinh Quang</subfield>
   <subfield code="e">(Chủ biên)</subfield>
  </datafield>
  <datafield tag="245" ind1="1" ind2="0">
   <subfield code="a">Giáo trình lý thuyết thông tin</subfield>
   <subfield code="c">Vũ Vinh Quang (Chủ biên); Nguyễn Đình Dũng, Nguyễn Hiền Trinh, Dương Thị Mai Thương</subfield>
  </datafield>
  <datafield tag="260" ind1=" " ind2=" ">
   <subfield code="a">Thái Nguyên</subfield>
   <subfield code="b">NXB Thái Nguyên</subfield>
   <subfield code="c">2010</subfield>
  </datafield>
  <datafield tag="300" ind1=" " ind2=" ">
   <subfield code="a">136 tr.</subfield>
   <subfield code="c">21cm</subfield>
  </datafield>
  <datafield tag="500" ind1=" " ind2=" ">
   <subfield code="a">ĐTTS ghi: Đại học Thái Nguyên. Khoa Công nghệ thông tin</subfield>
  </datafield>
  <datafield tag="520" ind1="3" ind2=" ">
   <subfield code="a">Giới thiệu những khái niệm cơ bản về lý thuyết thông tin; Tín hiệu; Lượng tin, entropi nguồn rời rạc; Lý thuyết mã; Giới thiệu về hệ mật mã.</subfield>
  </datafield>
  <datafield tag="653" ind1=" " ind2=" ">
   <subfield code="a">Công nghệ thông tin</subfield>
  </datafield>
  <datafield tag="700" ind1="1" ind2=" ">
   <subfield code="a">Nguyễn Đình Dũng</subfield>
  </datafield>
  <datafield tag="700" ind1="1" ind2=" ">
   <subfield code="a">Nguyễn Hiền Trinh</subfield>
  </datafield>
  <datafield tag="700" ind1="1" ind2=" ">
   <subfield code="a">Dương Thị Mai Thương</subfield>
  </datafield>
  <datafield tag="942" ind1=" " ind2=" ">
   <subfield code="2">ddc</subfield>
   <subfield code="c">BK</subfield>
  </datafield>
  <datafield tag="952" ind1=" " ind2=" ">
   <subfield code="0">0</subfield>
   <subfield code="1">0</subfield>
   <subfield code="2">ddc</subfield>
   <subfield code="4">0</subfield>
   <subfield code="6">003_540000000000000_QU106</subfield>
   <subfield code="7">0</subfield>
   <subfield code="9">21667</subfield>
   <subfield code="a">000001</subfield>
   <subfield code="b">000001</subfield>
   <subfield code="d">2021-11-19</subfield>
   <subfield code="o">003.54 Qu106</subfield>
   <subfield code="p">MD.19042</subfield>
   <subfield code="r">2021-11-19</subfield>
   <subfield code="w">2021-11-19</subfield>
   <subfield code="y">BK</subfield>
  </datafield>
  <datafield tag="980" ind1=" " ind2=" ">
   <subfield code="a">Thư viện Trường Đại học Nam Cần Thơ</subfield>
  </datafield>
 </record>
</collection>
